Spanish Grand Prix Winners - Statistics

General Stats
  • This quiz has been taken 12 times
  • The average score is 43 of 52
Answer Stats
Year Driver 2nd 3rd % Correct
2013 Fernando Alonso Kimi Raikkonen Felipe Massa
100%
2006 Fernando Alonso Michael Schumacher Giancarlo Fisichella
100%
2021 Lewis Hamilton Max Verstappen Valtteri Bottas
100%
2020 Lewis Hamilton Max Verstappen Valtteri Bottas
100%
2019 Lewis Hamilton Valtteri Bottas Max Verstappen
100%
2018 Lewis Hamilton Valtteri Bottas Max Verstappen
100%
2017 Lewis Hamilton Sebastian Vettel Daniel Ricciardo
100%
2014 Lewis Hamilton Nico Rosberg Daniel Ricciardo
100%
2024 Max Verstappen Lando Norris Lewis Hamilton
100%
2023 Max Verstappen Lewis Hamilton George Russell
100%
2022 Max Verstappen Sergio Perez George Russell
100%
2016 Max Verstappen Kimi Raikkonen Sebastian Vettlel
100%
1993 Alain Prost Ayrton Senna Michael Schumacher
92%
1990 Alain Prost Nigel Mansell Alessandro Nannini
92%
1988 Alain Prost Nigel Mansell Alessandro Nannini
92%
1989 Ayrton Senna Gerhard Berger Alain Prost
92%
1986 Ayrton Senna Nelson Piquet Nigel Mansell
92%
1975 Jochen Mass Jacky Ickx Carlos Reutemann
92%
2008 Kimi Raikkonen Felipe Massa Lewis Hamilton
92%
2005 Kimi Raikkonen Fernando Alonso Jarno Trulli
92%
2004 Michael Schumacher Rubens Barrichello Jarno Trulli
92%
2003 Michael Schumacher Michael Schumacher Fernando Alonso
92%
2002 Michael Schumacher Juan Pablo Montoya David Coulthard
92%
2001 Michael Schumacher Juan Pablo Montoya Jacques Villeneuve
92%
1996 Michael Schumacher Jean Alesi Jacques Villeneuve
92%
1995 Michael Schumacher Johnny Herbert Gerhard Berger
92%
1992 Nigel Mansell Michael Schumacher Jean Alesi
92%
1991 Nigel Mansell Alain Prost Riccardo Patrese
92%
1987 Nigel Mansell Alain Prost Stefan Johansson
92%
1974 Niki Lauda Clay Regazzoni Emerson Fittipaldi
92%
2011 Sebastian Vettel Lewis Hamilton Jenson Button
92%
2009 Jenson Button Rubens Barrichello Mark Webber
83%
2010 Mark Webber Fernando Alonso Sebastian Vettel
83%
1994 Damon Hill Michael Schumacher Mark Blundell
75%
1970 Jackie Stewart Bruce McLaren Mario Andretti
75%
1976 James Hunt Niki Lauda Gunnar Nilsson
75%
1951 Juan Manuel Fangio Jose Froilan Gonzalez Nino Farina
75%
2015 Nico Rosberg Lewis Hamilton Sebastian Vettel
75%
1973 Emerson Fittipaldi Francois Cevert George Follmer
67%
2007 Felipe Massa Lewis Hamilton Fernando Alonso
67%
1968 Graham Hill Denny Hulme Brian Redman
67%
1978 Mario Andretti Ronnie Peterson Jaques Laffite
67%
1977 Mario Andretti Carlos Reutemann Jody Scheckter
67%
2000 Mika Hakkinen David Coulthard Rubens Barrichello
67%
1999 Mika Hakkinen David Coulthard Michael Schumacher
67%
1998 Mika Hakkinen David Coulthard Michael Schumacher
67%
1981 Gilles Villeneuve Jacques Laffite John Watson
58%
1997 Jacques Villeneuve Oliver Panis Jean Alesi
58%
1980 Alan Jones Jochen Mass Elio de Angelis
42%
2012 Pastor Maldonado Fernando Alonso Kimi Raikkonen
33%
1954 Mike Hawthorn Luigi Musso Juan Manuel Fangio
25%
1979 Patrick Depailler Carlos Reutemann Mario Andretti
17%
No matching quizzes found
Score Distribution
Percent of People with Each Score
Percentile by Number Answered
Your Score History
You have not taken this quiz